| 000 | 00460cam a2200169ua 4500 | ||
|---|---|---|---|
| 003 | OSt | ||
| 008 | 250804b |||||||| |||| 00| 0 eng d | ||
| 041 | _aeng | ||
| 082 |
_a631.587 _bYAR/OP |
||
| 100 |
_aYaron , Dan . _97676 |
||
| 245 | _aOperation research in agriculture and water resources / | ||
| 250 | _a1 / | ||
| 260 |
_aNew York : _bNorth-Holland publishing co. , _c1980. |
||
| 300 | _a586 ; . | ||
| 700 | 1 |
_aTapiero, Charles S . _97677 |
|
| 942 | _cBK | ||
| 999 |
_c6747 _d6747 |
||